<?xml version="1.0" encoding="UTF-8"?><?xml-stylesheet type="text/xsl" href="static/style.xsl"?><OAI-PMH xmlns="http://www.openarchives.org/OAI/2.0/" xmlns:xsi="http://www.w3.org/2001/XMLSchema-instance" xsi:schemaLocation="http://www.openarchives.org/OAI/2.0/ http://www.openarchives.org/OAI/2.0/OAI-PMH.xsd"><responseDate>2026-04-17T19:24:48Z</responseDate><request verb="GetRecord" identifier="oai:www.recercat.cat:11351/13463" metadataPrefix="marc">https://recercat.cat/oai/request</request><GetRecord><record><header><identifier>oai:recercat.cat:11351/13463</identifier><datestamp>2025-10-24T10:58:56Z</datestamp><setSpec>com_2072_378068</setSpec><setSpec>com_2072_378040</setSpec><setSpec>col_2072_378090</setSpec></header><metadata><record xmlns="http://www.loc.gov/MARC21/slim" xmlns:dcterms="http://purl.org/dc/terms/" xmlns:xsi="http://www.w3.org/2001/XMLSchema-instance" xmlns:doc="http://www.lyncode.com/xoai" xsi:schemaLocation="http://www.loc.gov/MARC21/slim http://www.loc.gov/standards/marcxml/schema/MARC21slim.xsd">
   <leader>00925njm 22002777a 4500</leader>
   <datafield ind2=" " ind1=" " tag="042">
      <subfield code="a">dc</subfield>
   </datafield>
   <datafield ind2=" " ind1=" " tag="720">
      <subfield code="a">Rodríguez-Sanz, Jacobo</subfield>
      <subfield code="e">author</subfield>
   </datafield>
   <datafield ind2=" " ind1=" " tag="720">
      <subfield code="a">Malo Urriés, Miguel</subfield>
      <subfield code="e">author</subfield>
   </datafield>
   <datafield ind2=" " ind1=" " tag="720">
      <subfield code="a">Borrella Andrés, Sergio</subfield>
      <subfield code="e">author</subfield>
   </datafield>
   <datafield ind2=" " ind1=" " tag="720">
      <subfield code="a">Albarova-Corral, Isabel</subfield>
      <subfield code="e">author</subfield>
   </datafield>
   <datafield ind2=" " ind1=" " tag="720">
      <subfield code="a">López-de-Celis, Carlos</subfield>
      <subfield code="e">author</subfield>
   </datafield>
   <datafield ind2=" " ind1=" " tag="260">
      <subfield code="c">2025-08-01T12:21:35Z</subfield>
   </datafield>
   <datafield ind2=" " ind1=" " tag="260">
      <subfield code="c">2025-08-01T12:21:35Z</subfield>
   </datafield>
   <datafield ind2=" " ind1=" " tag="260">
      <subfield code="c">2025-02-06</subfield>
   </datafield>
   <datafield ind2=" " ind1=" " tag="520">
      <subfield code="a">Ultrasound imaging; Meniscus; Knee joint; Cadaver study</subfield>
   </datafield>
   <datafield ind2=" " ind1=" " tag="520">
      <subfield code="a">Ecografia; Menisc; Articulació del genoll; Estudi amb cadàvers</subfield>
   </datafield>
   <datafield ind2=" " ind1=" " tag="520">
      <subfield code="a">Ecografía; Menisco; Articulación de la rodilla; Estudio con cadáveres</subfield>
   </datafield>
   <datafield ind2=" " ind1=" " tag="520">
      <subfield code="a">While MRI is the gold standard for meniscal assessment, its cost and accessibility limitations have led to growing interest in ultrasound, though its validity for quantifying meniscal tissue remains unclear. To validate the use of ultrasound in quantifying meniscal tissue across the anterior, middle, and posterior regions of both menisci (medial and lateral) in longitudinal and transverse planes by comparison with cadaveric dissection. Methods: A cross-sectional study was conducted on ten cryopreserved anatomical donors, obtaining a total of 120 ultrasound scans from the different meniscal regions. Following ultrasound imaging, cadaveric dissection was performed to facilitate photometric measurements, thereby enabling validation of the ultrasound findings. The intra-examiner reliability of the ultrasound measurements was also assessed. Results: The intra-examiner reliability of ultrasound measurements ranged from moderate to excellent. A strong and statistically significant positive correlation was observed between ultrasound and photometric measurements across all meniscal regions (r > 0.821; p &lt; 0.05). In the medial meniscus, ultrasound visualized 99.1% of the anterior region (8.71 mm with ultrasound; 8.64 mm with photometry), 96.3% of the middle region (9.09 mm with ultrasound; 9.39 mm with photometry), and 98.5% of the posterior region (10.54 mm with ultrasound; 10.61 mm with photometry). In the lateral meniscus, ultrasound visualized 107.1% of the anterior region, 105.1% of the middle region, and 97.8% of the posterior region. The observed excess in tissue visualization in some regions likely reflects the inclusion of adjacent connective tissue, indistinguishable from meniscal tissue on ultrasound. Conclusions: Ultrasound is a valid and reliable modality for visualizing most meniscal tissue across regions, with a measurement discrepancy under 0.7 mm compared to anatomical dissection. However, caution is advised as adjacent connective tissue may sometimes be misidentified as meniscal tissue during evaluations.</subfield>
   </datafield>
   <datafield ind1="8" ind2=" " tag="024">
      <subfield code="a">http://hdl.handle.net/11351/13463</subfield>
   </datafield>
   <datafield tag="653" ind2=" " ind1=" ">
      <subfield code="a">Ecografia</subfield>
   </datafield>
   <datafield tag="653" ind2=" " ind1=" ">
      <subfield code="a">Menisc (Anatomia)</subfield>
   </datafield>
   <datafield tag="653" ind2=" " ind1=" ">
      <subfield code="a">Articulació femorotibial</subfield>
   </datafield>
   <datafield tag="653" ind2=" " ind1=" ">
      <subfield code="a">ANALYTICAL, DIAGNOSTIC AND THERAPEUTIC TECHNIQUES, AND EQUIPMENT::Diagnosis::Diagnostic Techniques and Procedures::Diagnostic Imaging::Ultrasonography</subfield>
   </datafield>
   <datafield tag="653" ind2=" " ind1=" ">
      <subfield code="a">Other subheadings::Other subheadings::/methods</subfield>
   </datafield>
   <datafield tag="653" ind2=" " ind1=" ">
      <subfield code="a">ANATOMY::Musculoskeletal System::Cartilage::Fibrocartilage::Meniscus::Menisci, Tibial</subfield>
   </datafield>
   <datafield tag="653" ind2=" " ind1=" ">
      <subfield code="a">Other subheadings::Other subheadings::/anatomy &amp; histology</subfield>
   </datafield>
   <datafield tag="653" ind2=" " ind1=" ">
      <subfield code="a">ANATOMY::Musculoskeletal System::Skeleton::Joints::Knee Joint</subfield>
   </datafield>
   <datafield tag="653" ind2=" " ind1=" ">
      <subfield code="a">Other subheadings::Other subheadings::/anatomy &amp; histology</subfield>
   </datafield>
   <datafield tag="653" ind2=" " ind1=" ">
      <subfield code="a">TÉCNICAS Y EQUIPOS ANALÍTICOS, DIAGNÓSTICOS Y TERAPÉUTICOS::diagnóstico::técnicas y procedimientos diagnósticos::diagnóstico por imagen::ecografía</subfield>
   </datafield>
   <datafield tag="653" ind2=" " ind1=" ">
      <subfield code="a">Otros calificadores::Otros calificadores::/métodos</subfield>
   </datafield>
   <datafield tag="653" ind2=" " ind1=" ">
      <subfield code="a">ANATOMÍA::sistema musculoesquelético::cartílago::fibrocartílago::menisco::meniscos tibiales</subfield>
   </datafield>
   <datafield tag="653" ind2=" " ind1=" ">
      <subfield code="a">Otros calificadores::Otros calificadores::/anatomía &amp; histología</subfield>
   </datafield>
   <datafield tag="653" ind2=" " ind1=" ">
      <subfield code="a">ANATOMÍA::sistema musculoesquelético::esqueleto::articulaciones::articulación de la rodilla</subfield>
   </datafield>
   <datafield tag="653" ind2=" " ind1=" ">
      <subfield code="a">Otros calificadores::Otros calificadores::/anatomía &amp; histología</subfield>
   </datafield>
   <datafield ind2="0" ind1="0" tag="245">
      <subfield code="a">Validation of Ultrasound for Quantification of Knee Meniscal Tissue: A Cadaveric Study</subfield>
   </datafield>
</record></metadata></record></GetRecord></OAI-PMH>